BUBT Library Online Catalog

দেওয়ানী নিয়ম ও আদেশাবলী (সি আর এন্ড ও) প্রথম খন্ড/ (Record no. 7245)

000 -LEADER
fixed length control field 00896nam a22002297a 4500
003 - CONTROL NUMBER IDENTIFIER
control field BUBTL
008 - FIXED-LENGTH DATA ELEMENTS--GENERAL INFORMATION
fixed length control field 240306b ||||| |||| 00| 0 eng d
020 ## - INTERNATIONAL STANDARD BOOK NUMBER
International Standard Book Number 98484660113
041 ## - LANGUAGE CODE
Language code of text/sound track or separate title Bengali
082 ## - DEWEY DECIMAL CLASSIFICATION NUMBER
Edition number 1st ed.
Classification number 347/ D2601c/ 1993
100 ## - MAIN ENTRY--PERSONAL NAME
Personal name দাস, শ্রী হরে কৃষ্ণ
9 (RLIN) 5719
245 ## - TITLE STATEMENT
Title দেওয়ানী নিয়ম ও আদেশাবলী (সি আর এন্ড ও) প্রথম খন্ড/
Remainder of title শ্রী হরে কৃষ্ণ দাস
250 ## - EDITION STATEMENT
Edition statement 1st ed.
260 ## - PUBLICATION, DISTRIBUTION, ETC. (IMPRINT)
Place of publication, distribution, etc. ঢাকা
Name of publisher, distributor, etc. নিউ ওয়ার্সী বুক কর্পোরেশন
Date of publication, distribution, etc. c1993
300 ## - PHYSICAL DESCRIPTION
Extent 575p. :
Other physical details ill. ; 21 cm.
526 ## - STUDY PROGRAM INFORMATION NOTE
Program name Law
650 #0 - SUBJECT ADDED ENTRY--TOPICAL TERM
9 (RLIN) 2102
Topical term or geographic name as entry element Law
700 ## - ADDED ENTRY--PERSONAL NAME
Personal name দাস, শ্রী হরে কৃষ্ণ
9 (RLIN) 5719
856 ## - ELECTRONIC LOCATION AND ACCESS
Password 0
Logon 0
Link text Download
942 ## - ADDED ENTRY ELEMENTS (KOHA)
Source of classification or shelving scheme
Koha item type Books
Holdings
Withdrawn status Lost status Source of classification or shelving scheme Damaged status Not for loan Collection code Permanent location Current location Shelving location Date acquired Source of acquisition Inventory number Total Checkouts Full call number Barcode Date last seen Copy number Price effective from Koha item type
          Non-fiction Bangladesh University of Business and Technology Library Bangladesh University of Business and Technology Library Law Stacks 08/26/2017 Purchase 24237   347/ D2601c/ 1993 BUBTL-200324237 03/06/2024 C-1 03/06/2024 Books
          Non-fiction Bangladesh University of Business and Technology Library Bangladesh University of Business and Technology Library Law Stacks 08/26/2017 Purchase 24240   347/ D2601c/ 1993 BUBTL-200324240 03/06/2024 C-2 03/06/2024 Books
          Non-fiction Bangladesh University of Business and Technology Library Bangladesh University of Business and Technology Library Law Stacks 08/26/2017 Purchase 24239   347/ D2601c/ 1993 BUBTL-200324239 03/28/2024 C-3 03/28/2024 Books
        Not For Loan Non-fiction Bangladesh University of Business and Technology Library Bangladesh University of Business and Technology Library Law Stacks 08/26/2017 Purchase 24238   347/ D2601c/ 1993 BUBTL-200324238 03/28/2024 C-4 03/28/2024 Books
        Not For Loan Non-fiction Bangladesh University of Business and Technology Library Bangladesh University of Business and Technology Library Law Stacks 08/26/2017 Purchase 24241   347/ D2601c/ 1993 BUBTL-200324241 03/28/2024 C-5 03/28/2024 Books

More Information About Library

Library Hours

  • Open: 9.00 am. to 9.00 pm.
  • Only Sunday: 9.00 am. to 6.00 pm.
  • Closed: Holiday

Contact to the University

Bangladesh University of Business and Technology Library

  • Mirpurl-2, 1216.
  • Phone:
  • Fax:
  • E-Mail: admin.library@bubt.edu.bd

Contact to the Library

Contact Person:

Md. Abdul Hakim Shah
Joint Librarian
PABX No:  113
Cell No: 01816332931
E-mail: official: admin.library@bubt.edu.bd
Personal: hakim.shah@bubt.edu.bd


BUBT Library

Copyright © 2021